Filming Locations - Statistics

General Stats
  • This quiz has been taken 12 times
  • The average score is 4 of 20
Answer Stats
Hint Answer % Correct
Star Wars (1977) Tunisia
75%
The Hurt Locker (2009) Jordan
50%
The Dark Knight (2008) Chicago
42%
Game of Thrones (2011) Dubrovnik
33%
Gladiator (2001) Malta
33%
The Deer Hunter (1977) Thailand
33%
The X-Files (1993) Vancouver
33%
Jaws (1975) Martha's Vineyard
25%
Lost (2004) Oahu
25%
Harry Potter and the Philosopher's Stone (2001) Oxford University
25%
Indiana Jones and the Last Crusade (1989) The Treasury, Petra
25%
Apocalypse Now (1979) Philippines
17%
The Talented Mr Ripley (1999) Ischia
8%
Jurassic Park (1994) Kauai
8%
Mad Max: Fury Road (2015) Namibia
8%
Die Hard (1987) Fox Plaza
0%
Downton Abbey (2010) Highclere Castle
0%
The Beach (2000) Ko Phi Phi
0%
Star Wars: The Last Jedi (2017) Skellig Michael
0%
Mamma Mia! (2008) Skopelos
0%
No matching quizzes found
Score Distribution
Percent of People with Each Score
Percentile by Number Answered
Your Score History
You have not taken this quiz